00913cam a22002535a 45000010009000000050017000090080041000260200018000670400033000850820019001181000037001372450081001742500012002552600054002673000033003215000024003546500030003786500042004086510010004506530035004609420008004959990017005039520139005201524800720151103112417.0080404s2008 enka fr 001 0 eng d a9780750687379 aDLCcDLCdDLCdEG-ScBUEbeng04222a621.3bROB1 aRobertson, Christopher R.93864510aFundamental electrical and electronic principles /cChristopher R. Robertson a3rd ed. aOxford ;aBurlington :bNewnes / Elsevier,c2008. axi, 291 p. :bill. ;c27 cm. aIndex : p. 289-291. 72BUEsh96509aElectronics. 72BUEsh933874aElectrical engineering. 2BUEsh bENGGENcJune2015cNovember2015 2ddc c19968d19940 00102ddc40708AlahramaMAINbMAINc1STd2015-06-28ePurchaseg240.00h311l0o621.3 ROBp000039124r2025-07-15 00:00:00v300.00yBB